| 000 | 00700nam a22002057a 4500 | ||
|---|---|---|---|
| 999 |
_c8499 _d8499 |
||
| 003 | AR-CdUCM | ||
| 008 | 190325b ||||| |||| 00| 0 spa d | ||
| 040 |
_aMUNICIPALIDAD PROVINCIAL DEL CUSCO _cBIBLIOTECA MUNICIPAL DEL CUSCO |
||
| 082 |
_23ed. _a370.82 / _bL98 |
||
| 100 |
_aLuzuriaga, Lorenzo _96575 |
||
| 245 | _aIdeas pedagógicas del siglo XX / | ||
| 260 |
_aBuenos Aires : _bLosada, _c1964. |
||
| 300 |
_a223 páginas ; _c20 cm. |
||
| 505 | _aPedagogía General -- Psicología pedagógica -- La nueva educación -- La nueva didáctica. | ||
| 650 |
_aEducación _9460 |
||
| 650 |
_aPsicología de la educación _97331 |
||
| 650 |
_aEscuela activa _96576 |
||
| 942 |
_2ddc _cLIBROS |
||
| 945 | _aacv | ||